{"text_format":"3","workbook":"xlsx","n_sheets":1,"sheets":["Sheet1"],"not_rendered":{"comments":1},"read":"whole","date_system":"1900"}

{"sheet":"Sheet1","index":0,"n_rows":85,"n_cols":27,"rows_kept":85,"merged":[[1,0,1,16383]]}
["Supplement 4. Detailed comparison of root canal configurations across studies."]
[]
["Author","No. of roots","existing roots","Root","Population","I (%)","II (%)","III (%)","IV (%)","V (%)","VI (%)","VII (%)","VIII (%)","Others (%)","Total (n)","I (n)","II (n)","III (n)","IV (n)","V (n)","VI (n)","VII (n)","VIII (n)","Others (n)","Study method","Sample size (no. of MTMs)","Cohen's kappa"]
["# Present study",1,"single root","single root","Poland",{"$f":"IF(P4/$O4=0, \"\", P4/$O4)","v":{"v":0.4090909090909091,"d":"40.9%"}},{"$f":"IF(Q4/$O4=0, \"\", Q4/$O4)","v":{"v":0.09090909090909091,"d":"9.1%"}},{"$f":"IF(R4/$O4=0, \"\", R4/$O4)","v":""},{"$f":"IF(S4/$O4=0, \"\", S4/$O4)","v":{"v":0.3181818181818182,"d":"31.8%"}},{"$f":"IF(T4/$O4=0, \"\", T4/$O4)","v":{"v":0.045454545454545456,"d":"4.5%"}},{"$f":"IF(U4/$O4=0, \"\", U4/$O4)","v":""},{"$f":"IF(V4/$O4=0, \"\", V4/$O4)","v":""},{"$f":"IF(W4/$O4=0, \"\", W4/$O4)","v":{"v":0.13636363636363635,"d":"13.6%"}},{"$f":"IF(X4/$O4=0, \"\", X4/$O4)","v":""},{"$f":"SUM(Table8[[#This Row],[I (n)]:[Others (n)]])","v":22},9,2,null,7,1,null,null,3,null,"CBCT",261,0.917]
["# Present study",2,"M, D","M","Poland",{"v":0.6407766990291263,"d":"64.1%"},{"v":0.038834951456310676,"d":"3.9%"},{"v":0.009708737864077669,"d":"1.0%"},{"v":0.30097087378640774,"d":"30.1%"},{"v":0.009708737864077669,"d":"1.0%"},"","","","",{"$f":"SUM(Table8[[#This Row],[I (n)]:[Others (n)]])","v":206},132,8,2,62,2,{"$nulls":4},"CBCT",261,0.917]
["# Present study",2,"M, D","D","Poland",{"v":0.9466019417475728,"d":"94.7%"},{"v":0.019417475728155338,"d":"1.9%"},"",{"v":0.024271844660194174,"d":"2.4%"},"",{"v":4.8543689320388345E-3,"d":"0.5%"},"",{"v":4.8543689320388345E-3,"d":"0.5%"},"",{"$f":"SUM(Table8[[#This Row],[I (n)]:[Others (n)]])","v":206},195,4,null,5,null,1,null,1,null,"CBCT",261,0.917]
["# Present study",3,"MB,ML,D","ML","Poland",{"v":1,"d":"100.0%"},"","","","","","","","",{"$f":"SUM(Table8[[#This Row],[I (n)]:[Others (n)]])","v":23},23,{"$nulls":8},"CBCT",261,0.917]
["# Present study",3,"MB,ML,D","MB","Poland",{"v":1,"d":"100.0%"},"","","","","","","","",{"$f":"SUM(Table8[[#This Row],[I (n)]:[Others (n)]])","v":23},23,{"$nulls":8},"CBCT",261,0.917]
["# Present study",3,"MB,ML,D","D","Poland",{"v":0.9565217391304348,"d":"95.7%"},"","",{"v":0.043478260869565216,"d":"4.3%"},"","","","","",{"$f":"SUM(Table8[[#This Row],[I (n)]:[Others (n)]])","v":23},22,null,null,1,{"$nulls":5},"CBCT",261,0.917]
["# Present study",3,"M, DB, DL","M","Poland",{"v":0.75,"d":"75.0%"},"","",{"v":0.25,"d":"25.0%"},"","","","","",{"$f":"SUM(Table8[[#This Row],[I (n)]:[Others (n)]])","v":8},6,null,null,2,{"$nulls":5},"CBCT",261,0.917]
["# Present study",3,"M, DB, DL","DL","Poland",{"v":0.875,"d":"87.5%"},"","","",{"v":0.125,"d":"12.5%"},"","","","",{"$f":"SUM(Table8[[#This Row],[I (n)]:[Others (n)]])","v":8},7,{"$nulls":3},1,{"$nulls":4},"CBCT",261,0.917]
["# Present study",3,"M, DB, DL","DB","Poland",{"v":1,"d":"100.0%"},"","","","","","","","",{"$f":"SUM(Table8[[#This Row],[I (n)]:[Others (n)]])","v":8},8,{"$nulls":8},"CBCT",261,0.917]
["# Present study","2 -fused","M, D","M","Poland",{"v":0.5,"d":"50.0%"},"","","",{"v":0.5,"d":"50.0%"},"","","","",{"$f":"SUM(Table8[[#This Row],[I (n)]:[Others (n)]])","v":2},1,{"$nulls":3},1,{"$nulls":4},"CBCT",261,0.917]
["# Present study","2 -fused","M, D","D","Poland",{"$nulls":9},{"$f":"SUM(Table8[[#This Row],[I (n)]:[Others (n)]])","v":2},2,{"$nulls":8},"CBCT",261,0.917]
["Ahmad",1,"single root","single root","Jordan",{"$f":"IF(P15/$O15=0, \"\", P15/$O15)","v":{"v":0.5555555555555556,"d":"55.6%"}},{"$f":"IF(Q15/$O15=0, \"\", Q15/$O15)","v":{"v":0.2222222222222222,"d":"22.2%"}},{"$f":"IF(R15/$O15=0, \"\", R15/$O15)","v":{"v":0.1111111111111111,"d":"11.1%"}},{"$f":"IF(S15/$O15=0, \"\", S15/$O15)","v":""},{"$f":"IF(T15/$O15=0, \"\", T15/$O15)","v":""},{"$f":"IF(U15/$O15=0, \"\", U15/$O15)","v":""},{"$f":"IF(V15/$O15=0, \"\", V15/$O15)","v":{"v":0.1111111111111111,"d":"11.1%"}},{"$f":"IF(W15/$O15=0, \"\", W15/$O15)","v":""},{"$f":"IF(X15/$O15=0, \"\", X15/$O15)","v":""},{"$f":"SUM(Table8[[#This Row],[I (n)]:[Others (n)]])","v":9},5,2,1,{"$nulls":3},1,null,null,"staining and clearing ",70,"-"]
["Ahmad",2,"M, D","M","Jordan",{"v":0.40625,"d":"40.6%"},{"v":0.1875,"d":"18.8%"},{"v":0.03125,"d":"3.1%"},{"v":0.28125,"d":"28.1%"},{"v":0.09375,"d":"9.4%"},"","","","",{"$f":"SUM(Table8[[#This Row],[I (n)]:[Others (n)]])","v":32},13,6,1,9,3,{"$nulls":4},"staining and clearing ",70,"-"]
["Ahmad",2,"M, D","D","Jordan",{"v":0.9375,"d":"93.8%"},{"v":0.03125,"d":"3.1%"},"",{"v":0.03125,"d":"3.1%"},"","","","","",{"$f":"SUM(Table8[[#This Row],[I (n)]:[Others (n)]])","v":32},30,1,null,1,{"$nulls":5},"staining and clearing ",70,"-"]
["Ahmad",3,"M, DB, DL","M","Jordan",{"v":0.5,"d":"50.0%"},{"v":0.5,"d":"50.0%"},"","","","","","","",{"$f":"SUM(Table8[[#This Row],[I (n)]:[Others (n)]])","v":2},1,1,{"$nulls":7},"staining and clearing ",70,"-"]
["Ahmad",3,"M, DB, DL","DL","Jordan",{"v":1,"d":"100.0%"},"","","","","","","","",{"$f":"SUM(Table8[[#This Row],[I (n)]:[Others (n)]])","v":2},2,{"$nulls":8},"staining and clearing ",70,"-"]
["Ahmad",3,"M, DB, DL","DB","Jordan",{"v":1,"d":"100.0%"},"","","","","","","","",{"$f":"SUM(Table8[[#This Row],[I (n)]:[Others (n)]])","v":2},2,{"$nulls":8},"staining and clearing ",70,"-"]
["Ahmad",4,"Mb, ML, DB, DL","ML","Jordan",{"v":1,"d":"100.0%"},"","","","","","","","",{"$f":"SUM(Table8[[#This Row],[I (n)]:[Others (n)]])","v":2},2,{"$nulls":8},"staining and clearing ",70,"-"]
["Ahmad",4,"Mb, ML, DB, DL","MB","Jordan",{"v":1,"d":"100.0%"},"","","","","","","","",{"$f":"SUM(Table8[[#This Row],[I (n)]:[Others (n)]])","v":2},2,{"$nulls":8},"staining and clearing ",70,"-"]
["Ahmad",4,"Mb, ML, DB, DL","DL","Jordan",{"v":1,"d":"100.0%"},"","","","","","","","",{"$f":"SUM(Table8[[#This Row],[I (n)]:[Others (n)]])","v":2},2,{"$nulls":8},"staining and clearing ",70,"-"]
["Ahmad",4,"Mb, ML, DB, DL","DB","Jordan",{"v":1,"d":"100.0%"},"","","","","","","","",{"$f":"SUM(Table8[[#This Row],[I (n)]:[Others (n)]])","v":2},2,{"$nulls":8},"staining and clearing ",70,"-"]
["Ahmad","2 -fused","2 -fused","2 -fused","Jordan","","","",{"v":0.45,"d":"45.0%"},"","","",{"v":0.15,"d":"15.0%"},{"v":0.4,"d":"40.0%"},{"$f":"SUM(Table8[[#This Row],[I (n)]:[Others (n)]])","v":20},{"$nulls":3},9,{"$nulls":3},3,8,"staining and clearing ",70,"-"]
["Ahmad","3 -all fused","3 -all fused","3 -all fused","Jordan","","","","","","","",{"v":0.6666666666666666,"d":"66.7%"},{"v":0.3333333333333333,"d":"33.3%"},{"$f":"SUM(Table8[[#This Row],[I (n)]:[Others (n)]])","v":3},{"$nulls":7},2,1,"staining and clearing ",70,"-"]
["Ahmad","3 -two fused","(MB ML), D","D","Jordan","","","","","","",{"v":1,"d":"100.0%"},"","",{"$f":"SUM(Table8[[#This Row],[I (n)]:[Others (n)]])","v":1},{"$nulls":6},1,null,null,"staining and clearing ",70,"-"]
["Ahmad","3 -two fused","(MB ML), D","(MB ML)","Jordan","","","","","","",{"v":1,"d":"100.0%"},"","",{"$f":"SUM(Table8[[#This Row],[I (n)]:[Others (n)]])","v":1},{"$nulls":6},1,null,null,"staining and clearing ",70,"-"]
["Al-Qudah",1,"single root","single root","Jordan",{"v":0.4375,"d":"43.8%"},{"v":0.125,"d":"12.5%"},{"v":0.0625,"d":"6.3%"},{"v":0.125,"d":"12.5%"},{"v":0.1875,"d":"18.8%"},{"v":0.0625,"d":"6.3%"},"","","",{"$f":"SUM(Table8[[#This Row],[I (n)]:[Others (n)]])","v":16},7,2,1,2,3,1,{"$nulls":3},"staining and clearing ",639,"-"]
["Al-Qudah",2,"M, D","M","Jordan",{"v":0.26666666666666666,"d":"26.7%"},{"v":0.18476190476190477,"d":"18.5%"},{"v":0.02857142857142857,"d":"2.9%"},{"v":0.44761904761904764,"d":"44.8%"},{"v":0.02857142857142857,"d":"2.9%"},{"v":0.02857142857142857,"d":"2.9%"},{"v":7.619047619047619E-3,"d":"0.8%"},{"v":7.619047619047619E-3,"d":"0.8%"},"",{"$f":"SUM(Table8[[#This Row],[I (n)]:[Others (n)]])","v":525},140,97,15,235,15,15,4,4,null,"staining and clearing ",639,"-"]
["Al-Qudah",2,"M, D","D","Jordan",{"v":0.8921568627450981,"d":"89.2%"},{"v":0.00784313725490196,"d":"0.8%"},{"v":0.011764705882352941,"d":"1.2%"},{"v":0.08235294117647059,"d":"8.2%"},{"v":5.8823529411764705E-3,"d":"0.6%"},"","","","",{"$f":"SUM(Table8[[#This Row],[I (n)]:[Others (n)]])","v":510},455,4,6,42,3,{"$nulls":4},"staining and clearing ",639,"-"]
["Al-Qudah",3,"M, DB, DL","M","Jordan",{"v":0.7222222222222222,"d":"72.2%"},{"v":0.05555555555555555,"d":"5.6%"},"",{"v":0.05555555555555555,"d":"5.6%"},{"v":0.16666666666666666,"d":"16.7%"},"","","","",{"$f":"SUM(Table8[[#This Row],[I (n)]:[Others (n)]])","v":18},13,1,null,1,3,{"$nulls":4},"staining and clearing ",639,"-"]
["Al-Qudah",3,"M, DB, DL","DL","Jordan",{"v":1,"d":"100.0%"},"","","","","","","","",{"$f":"SUM(Table8[[#This Row],[I (n)]:[Others (n)]])","v":18},18,{"$nulls":8},"staining and clearing ",639,"-"]
["Al-Qudah",3,"M, DB, DL","DB","Jordan",{"v":0.8888888888888888,"d":"88.9%"},"","","",{"v":0.1111111111111111,"d":"11.1%"},"","","","",{"$f":"SUM(Table8[[#This Row],[I (n)]:[Others (n)]])","v":18},16,{"$nulls":3},2,{"$nulls":4},"staining and clearing ",639,"-"]
["Al-Qudah","2 -fused","2 -fused","2 -fused","Jordan","",{"v":0.125,"d":"12.5%"},"",{"v":0.46875,"d":"46.9%"},{"v":0.015625,"d":"1.6%"},"","",{"v":0.0625,"d":"6.3%"},{"v":0.328125,"d":"32.8%"},{"$f":"SUM(Table8[[#This Row],[I (n)]:[Others (n)]])","v":64},null,8,null,30,1,null,null,4,21,"staining and clearing ",639,"-"]
["Al-Qudah","3 -all fused","all roots fused","3 -all fused","Jordan","","","","","","","",{"v":0.4444444444444444,"d":"44.4%"},{"v":0.5555555555555556,"d":"55.6%"},{"$f":"SUM(Table8[[#This Row],[I (n)]:[Others (n)]])","v":9},{"$nulls":7},4,5,"staining and clearing ",639,"-"]
["Al-Qudah","3 -two fused","(M, DL), D","D","Jordan",{"v":0.8888888888888888,"d":"88.9%"},{"v":0.05555555555555555,"d":"5.6%"},"",{"v":0.05555555555555555,"d":"5.6%"},"","","","","",{"$f":"SUM(Table8[[#This Row],[I (n)]:[Others (n)]])","v":18},16,1,null,1,{"$nulls":5},"staining and clearing ",639,"-"]
["Al-Qudah","3 -two fused","(M, DL), D","(M DL)","Jordan","","","",{"v":0.8333333333333334,"d":"83.3%"},{"v":0.05555555555555555,"d":"5.6%"},"","",{"v":0.05555555555555555,"d":"5.6%"},{"v":0.05555555555555555,"d":"5.6%"},{"$f":"SUM(Table8[[#This Row],[I (n)]:[Others (n)]])","v":18},{"$nulls":3},15,1,null,null,1,1,"staining and clearing ",639,"-"]
["Al-Qudah","3 -two fused","(D, DL), M","M","Jordan",{"v":0.5,"d":"50.0%"},{"v":0.5,"d":"50.0%"},"","","","","","","",{"$f":"SUM(Table8[[#This Row],[I (n)]:[Others (n)]])","v":2},1,1,{"$nulls":7},"staining and clearing ",639,"-"]
["Al-Qudah","3 -two fused","(D, DL), M","(D DL)","Jordan","","","",{"v":0.5,"d":"50.0%"},{"v":0.5,"d":"50.0%"},"","","","",{"$f":"SUM(Table8[[#This Row],[I (n)]:[Others (n)]])","v":2},{"$nulls":3},1,1,{"$nulls":4},"staining and clearing ",639,"-"]
["Priyank",1,"single root","single root","India",{"v":0.625,"d":"62.5%"},{"v":0.25,"d":"25.0%"},{"v":0.125,"d":"12.5%"},"","","","","","",{"$f":"SUM(Table8[[#This Row],[I (n)]:[Others (n)]])","v":8},5,2,1,{"$nulls":6},"CBCT",277,0.77]
["Priyank",2,"M, D","M","India",{"v":0.08712121212121213,"d":"8.7%"},{"v":0.6704545454545454,"d":"67.0%"},{"v":0.16287878787878787,"d":"16.3%"},{"v":0.05303030303030303,"d":"5.3%"},{"v":0.01893939393939394,"d":"1.9%"},{"v":7.575757575757576E-3,"d":"0.8%"},"","","",{"$f":"SUM(Table8[[#This Row],[I (n)]:[Others (n)]])","v":264},23,177,43,14,5,2,{"$nulls":3},"CBCT",277,0.77]
["Priyank",2,"M, D","D","India",{"v":0.7916666666666666,"d":"79.2%"},{"v":0.10984848484848485,"d":"11.0%"},{"v":0.03787878787878788,"d":"3.8%"},{"v":0.030303030303030304,"d":"3.0%"},{"v":0.011363636363636364,"d":"1.1%"},{"v":0.01893939393939394,"d":"1.9%"},"","","",{"$f":"SUM(Table8[[#This Row],[I (n)]:[Others (n)]])","v":264},209,29,10,8,3,5,{"$nulls":3},"CBCT",277,0.77]
["Priyank",3,"M, DB, DL","M","India","",{"v":0.75,"d":"75.0%"},{"v":0.25,"d":"25.0%"},"","","","","","",{"$f":"SUM(Table8[[#This Row],[I (n)]:[Others (n)]])","v":4},null,3,1,{"$nulls":6},"CBCT",277,0.77]
["Priyank",3,"M, DB, DL","DL","India",{"v":0.75,"d":"75.0%"},"",{"v":0.25,"d":"25.0%"},"","","","","","",{"$f":"SUM(Table8[[#This Row],[I (n)]:[Others (n)]])","v":4},3,null,1,{"$nulls":6},"CBCT",277,0.77]
["Priyank",3,"M, DB, DL","DB","India",{"v":1,"d":"100.0%"},"","","","","","","","",{"$f":"SUM(Table8[[#This Row],[I (n)]:[Others (n)]])","v":4},4,{"$nulls":8},"CBCT",277,0.77]
["Priyank",5,"ML, MB, DL, DB, B","ML","India",{"$f":"IF(P47/$O47=0, \"\", P47/$O47)","v":""},{"$f":"IF(Q47/$O47=0, \"\", Q47/$O47)","v":""},{"$f":"IF(R47/$O47=0, \"\", R47/$O47)","v":{"v":1,"d":"100.0%"}},{"$f":"IF(S47/$O47=0, \"\", S47/$O47)","v":""},{"$f":"IF(T47/$O47=0, \"\", T47/$O47)","v":""},{"$f":"IF(U47/$O47=0, \"\", U47/$O47)","v":""},{"$f":"IF(V47/$O47=0, \"\", V47/$O47)","v":""},{"$f":"IF(W47/$O47=0, \"\", W47/$O47)","v":""},{"$f":"IF(X47/$O47=0, \"\", X47/$O47)","v":""},{"$f":"SUM(Table8[[#This Row],[I (n)]:[Others (n)]])","v":1},null,null,1,{"$nulls":6},"CBCT",277,0.77]
["Priyank",5,"ML, MB, DL, DB, B","MB","India","","","",{"v":1,"d":"100.0%"},"","","","","",{"$f":"SUM(Table8[[#This Row],[I (n)]:[Others (n)]])","v":1},{"$nulls":3},1,{"$nulls":5},"CBCT",277,0.77]
["Priyank",5,"ML, MB, DL, DB, B","DL","India","","",{"v":1,"d":"100.0%"},"","","","","","",{"$f":"SUM(Table8[[#This Row],[I (n)]:[Others (n)]])","v":1},null,null,1,{"$nulls":6},"CBCT",277,0.77]
["Priyank",5,"ML, MB, DL, DB, B","DB","India","","","",{"v":1,"d":"100.0%"},"","","","","",{"$f":"SUM(Table8[[#This Row],[I (n)]:[Others (n)]])","v":1},{"$nulls":3},1,{"$nulls":5},"CBCT",277,0.77]
["Priyank",5,"ML, MB, DL, DB, B","B","India","","",{"v":1,"d":"100.0%"},"","","","","","",{"$f":"SUM(Table8[[#This Row],[I (n)]:[Others (n)]])","v":1},null,null,1,{"$nulls":6},"CBCT",277,0.77]
["Singh",1,"single root","single root","India",{"v":0.5333333333333333,"d":"53.3%"},{"v":0.2,"d":"20.0%"},{"v":0.06666666666666667,"d":"6.7%"},"","","","",{"v":0.06666666666666667,"d":"6.7%"},{"v":0.13333333333333333,"d":"13.3%"},{"$f":"SUM(Table8[[#This Row],[I (n)]:[Others (n)]])","v":15},8,3,1,{"$nulls":4},1,2,"staining and clearing ",100,"-"]
["Singh",2,"M, D","M","India",{"v":0.4603174603174603,"d":"46.0%"},{"v":0.4444444444444444,"d":"44.4%"},"",{"v":0.07936507936507936,"d":"7.9%"},{"v":0.015873015873015872,"d":"1.6%"},"","","","",{"$f":"SUM(Table8[[#This Row],[I (n)]:[Others (n)]])","v":63},29,28,null,5,1,{"$nulls":4},"staining and clearing ",100,"-"]
["Singh",2,"M, D","D","India",{"v":0.9682539682539683,"d":"96.8%"},{"v":0.031746031746031744,"d":"3.2%"},"","","","","","","",{"$f":"SUM(Table8[[#This Row],[I (n)]:[Others (n)]])","v":63},61,2,{"$nulls":7},"staining and clearing ",100,"-"]
["Singh",3,"M, DB, DL","M","India",{"v":0.7777777777777778,"d":"77.8%"},{"v":0.16666666666666666,"d":"16.7%"},"",{"v":0.05555555555555555,"d":"5.6%"},"","","","","",{"$f":"SUM(Table8[[#This Row],[I (n)]:[Others (n)]])","v":18},14,3,null,1,{"$nulls":5},"staining and clearing ",100,"-"]
["Singh",3,"M, DB, DL","DL","India",{"v":1,"d":"100.0%"},"","","","","","","","",{"$f":"SUM(Table8[[#This Row],[I (n)]:[Others (n)]])","v":18},18,{"$nulls":8},"staining and clearing ",100,"-"]
["Singh",3,"M, DB, DL","DB","India",{"v":1,"d":"100.0%"},"","","","","","","","",{"$f":"SUM(Table8[[#This Row],[I (n)]:[Others (n)]])","v":18},18,{"$nulls":8},"staining and clearing ",100,"-"]
["Singh",4,"Mb, ML, DB, DL","ML","India",{"v":1,"d":"100.0%"},"","","","","","","","",{"$f":"SUM(Table8[[#This Row],[I (n)]:[Others (n)]])","v":4},4,{"$nulls":8},"staining and clearing ",100,"-"]
["Singh",4,"Mb, ML, DB, DL","MB","India",{"v":1,"d":"100.0%"},"","","","","","","","",{"$f":"SUM(Table8[[#This Row],[I (n)]:[Others (n)]])","v":4},4,{"$nulls":8},"staining and clearing ",100,"-"]
["Singh",4,"Mb, ML, DB, DL","DL","India",{"v":1,"d":"100.0%"},"","","","","","","","",{"$f":"SUM(Table8[[#This Row],[I (n)]:[Others (n)]])","v":4},4,{"$nulls":8},"staining and clearing ",100,"-"]
["Singh",4,"Mb, ML, DB, DL","DB","India",{"v":1,"d":"100.0%"},"","","","","","","","",{"$f":"SUM(Table8[[#This Row],[I (n)]:[Others (n)]])","v":4},4,{"$nulls":8},"staining and clearing ",100,"-"]
["Somasundaram",1,"single root","single root","India",{"v":0.3333333333333333,"d":"33.3%"},{"v":0.3333333333333333,"d":"33.3%"},"",{"v":0.3333333333333333,"d":"33.3%"},"","","","","",{"$f":"SUM(Table8[[#This Row],[I (n)]:[Others (n)]])","v":6},2,2,null,2,{"$nulls":5},"CBCT",171,0.897]
["Somasundaram",2,"M, D","M","India",{"v":0.18055555555555555,"d":"18.1%"},{"v":0.5555555555555556,"d":"55.6%"},{"v":0.027777777777777776,"d":"2.8%"},{"v":0.2222222222222222,"d":"22.2%"},{"v":0.013888888888888888,"d":"1.4%"},"","","","",{"$f":"SUM(Table8[[#This Row],[I (n)]:[Others (n)]])","v":144},26,80,4,32,2,{"$nulls":4},"CBCT",171,0.897]
["Somasundaram",2,"M, D","D","India",{"v":0.875,"d":"87.5%"},{"v":0.09722222222222222,"d":"9.7%"},"",{"v":0.027777777777777776,"d":"2.8%"},"","","","","",{"$f":"SUM(Table8[[#This Row],[I (n)]:[Others (n)]])","v":144},126,14,null,4,{"$nulls":5},"CBCT",171,0.897]
["Somasundaram",3,"M, DB, DL","M","India","",{"v":0.5,"d":"50.0%"},"",{"v":0.5,"d":"50.0%"},"","","","","",{"$f":"SUM(Table8[[#This Row],[I (n)]:[Others (n)]])","v":4},null,2,null,2,{"$nulls":5},"CBCT",171,0.897]
["Somasundaram",3,"M, DB, DL","DL","India",{"v":1,"d":"100.0%"},"","","","","","","","",{"$f":"SUM(Table8[[#This Row],[I (n)]:[Others (n)]])","v":4},4,{"$nulls":8},"CBCT",171,0.897]
["Somasundaram",3,"M, DB, DL","DB","India","","","",{"v":1,"d":"100.0%"},"","","","","",{"$f":"SUM(Table8[[#This Row],[I (n)]:[Others (n)]])","v":4},{"$nulls":3},4,{"$nulls":5},"CBCT",171,0.897]
["Somasundaram",5,"ML, MB, DL, DB, B","ML","India",{"v":1,"d":"100.0%"},"","","","","","","","",{"$f":"SUM(Table8[[#This Row],[I (n)]:[Others (n)]])","v":1},1,{"$nulls":8},"CBCT",171,0.897]
["Somasundaram",5,"ML, MB, DL, DB, B","MB","India",{"v":1,"d":"100.0%"},"","","","","","","","",{"$f":"SUM(Table8[[#This Row],[I (n)]:[Others (n)]])","v":1},1,{"$nulls":8},"CBCT",171,0.897]
["Somasundaram",5,"ML, MB, DL, DB, B","DL","India",{"v":1,"d":"100.0%"},"","","","","","","","",{"$f":"SUM(Table8[[#This Row],[I (n)]:[Others (n)]])","v":1},1,{"$nulls":8},"CBCT",171,0.897]
["Somasundaram",5,"ML, MB, DL, DB, B","DB","India","","","","",{"v":1,"d":"100.0%"},"","","","",{"$f":"SUM(Table8[[#This Row],[I (n)]:[Others (n)]])","v":1},{"$nulls":4},1,{"$nulls":4},"CBCT",171,0.897]
["Somasundaram",5,"ML, MB, DL, DB, B","B","India","","","",{"v":1,"d":"100.0%"},"","","","","",{"$f":"SUM(Table8[[#This Row],[I (n)]:[Others (n)]])","v":1},{"$nulls":3},1,{"$nulls":5},"CBCT",171,0.897]
[]
["This table presents a detailed comparison of root canal configurations, study populations, imaging methods, and classification systems used in previous studies included in the literature review."]
[]
["Data dictionary"]
["Abbreviations:"]
["M – mesial root"]
["D – distal root"]
["MB – mesiobuccal"]
["ML – mesiolingual"]
["DB – distobuccal"]
["DL – distolingual"]
[]
["Data were extracted from previously published studies and standardized where possible for comparison."]